It looks like you're offline.
Open Library logo
additional options menu

MARC Record from Scriblio

Record ID marc_records_scriblio_net/part09.dat:80213152:1200
Source Scriblio
Download Link /show-records/marc_records_scriblio_net/part09.dat:80213152:1200?format=raw

LEADER: 01200cam 2200265 i 4500
001 76007552
003 DLC
005 20010517140402.0
008 760305s1976 njua b 001 0beng
010 $a 76007552
020 $a0878551328 :$c$19.95
040 $aDLC$cDLC$dDLC
043 $af-sj---
050 00 $aDT108.3.M84$bK8737
082 00 $a297.9/3/092$aB
100 1 $aShaked, Haim.
245 14 $aThe life of the Sudanese Mahdi :$ba historical study of Kitāb saʻādat al-mustahdī bi-sīrat al-Imām al-Mahdī (The book of the bliss of him who seeks guidance by the life of the Imam the Mahdi) by Ismāʻīl b. ʻAbd al-Qādir /$cHaim Shaked.
260 $aNew Brunswick, N.J. :$bTransaction Books,$cc1978.
300 $axv, 284 p. :$bill. ;$c24 cm.
440 0 $aStudies in Islamic culture and history ;$v[v. 3]
500 $a"Based on a Ph.D. thesis which was submitted to the School of Oriental and African Studies, University of London, in 1969."
504 $aBibliography: p. 261-266.
500 $aIncludes index.
600 10 $aKurdufānī, Ismāʻīl ʻAbd al-Qādir,$d1844 or 5-1898 or 9.$tSaʻādat al-mustahdī bi-sīrat al-Imān al-Mahdī.
600 10 $aMahdī, Muḥammad Aḥmad,$d1848-1885.